[Event "ICS rated blitz match"]
[Site "204.178.125.65"]
[Date "1999.08.02"]
[Round "?"]
[White "Hossa"]
[Black "populio"]
[Result "1-0"]
[WhiteElo "2519"]
[BlackElo "2132"]
[PlyCount "95"]
[EventDate "1999.??.??"]

1. d4 g6 2. c4 Bg7 3. e4 d6 4. Nc3 e5 5. d5 Nf6 6. f3 Nh5 7. Be3 O-O 8. g4 Nf4
9. Bxf4 exf4 10. Qd2 a5 11. O-O-O a4 12. Nb5 Bd7 13. Qxf4 Bxb5 14. cxb5 a3 15.
bxa3 Rxa3 16. Rd2 f5 17. gxf5 Qf6 18. Kd1 gxf5 19. Bc4 Qa1+ 20. Ke2 fxe4 21.
Qxe4 Qc3 22. Rc2 Qf6 23. Bd3 Qh6 24. Qe7 Qh5 25. Qe6+ Kh8 26. Rxc7 Rxa2+ 27.
Ke1 Re8 28. Rc8 Qh4+ 29. Kd1 Qa4+ 30. Bc2 Ra1+ 31. Ke2 Qxb5+ 32. Kf2 Qf1+ 33.
Kg3 Be5+ 34. Qxe5+ dxe5 35. Rxe8+ Kg7 36. Rxb8 Qe1+ 37. Kg4 Qb4+ 38. Kh3 Rc1
39. d6 Qxd6 40. Rxb7+ Kf8 41. Bxh7 Qh6+ 42. Kg2 Ra1 43. Rb8+ Kg7 44. Bb1 Qg5+
45. Kf2 Qd2+ 46. Ne2 Qd6 47. Rg1+ Kf6 48. Rg6+ {populio resigns} 1-0

[Event "ICS rated blitz match"]
[Site "204.178.125.65"]
[Date "1999.08.02"]
[Round "?"]
[White "populio"]
[Black "Hossa"]
[Result "0-1"]
[WhiteElo "2129"]
[BlackElo "2522"]
[PlyCount "54"]
[EventDate "1999.??.??"]

1. e4 e5 2. Nf3 Nf6 3. Nxe5 Nxe4 4. Nc3 Nxc3 5. dxc3 Qe7 6. Qe2 d6 7. Nd3 Be6
8. Nf4 Nc6 9. Nxe6 Qxe6 10. Bg5 Be7 11. Bxe7 Nxe7 12. Qxe6 fxe6 13. O-O-O O-O
14. f3 Nc6 15. Bb5 Ne5 16. Rhe1 h5 17. Rd4 g5 18. h4 g4 19. fxg4 hxg4 20. Be2
g3 21. Bg4 Kh8 22. Bxe6 Rae8 23. Bd5 Nd3+ 24. cxd3 Rxe1+ 25. Kd2 Rh1 26. Bxb7
Rf2+ 27. Ke3 27... Re1# {populio checkmated} 0-1

[Event "ICS rated blitz match"]
[Site "204.178.125.65"]
[Date "1999.08.02"]
[Round "?"]
[White "Hossa"]
[Black "populio"]
[Result "1-0"]
[WhiteElo "2525"]
[BlackElo "2126"]
[PlyCount "89"]
[EventDate "1999.??.??"]

1. d4 g6 2. c4 Bg7 3. e4 d6 4. Nc3 e5 5. d5 Nf6 6. f3 Nh5 7. Be3 O-O 8. g4 Nf4
9. Bxf4 exf4 10. Qd2 a5 11. O-O-O a4 12. Nb5 Bd7 13. Qxf4 Bxb5 14. cxb5 a3 15.
bxa3 Rxa3 16. Rd2 f5 17. gxf5 Qf6 18. Kd1 Qa1+ 19. Ke2 gxf5 20. b6 fxe4 21.
bxc7 exf3+ 22. Kf2 Rc8 23. cxb8=R Rxb8 24. Bc4 Ra4 25. Qe4 Qc1 26. Rc2 Bd4+ 27.
Kxf3 Rf8+ 28. Kg4 Qd1+ 29. Ne2 Qxh1 30. Qxh1 Be5 31. Qg2 b5 32. Kh3+ Kh8 33.
Bxb5 Ra3+ 34. Kh4 Bf6+ 35. Kh5 Re3 36. Ng3 Re5+ 37. Kg4 Rg8+ 38. Kh3 Reg5 39.
Qf3 R5g6 40. Rc7 Be5 41. Nf5 Rg5 42. Nh6 Rb8 43. Nf7+ Kg8 44. Nxg5 Rxb5 45.
Qf7+ {populio resigns} 1-0

[Event "ICS rated blitz match"]
[Site "204.178.125.65"]
[Date "1999.08.02"]
[Round "?"]
[White "Hossa"]
[Black "CM5500"]
[Result "0-1"]
[WhiteElo "2528"]
[BlackElo "2387"]
[PlyCount "93"]
[EventDate "1999.??.??"]

1. d4 d5 2. c4 c6 3. Nc3 Nf6 4. cxd5 cxd5 5. f3 Nc6 6. e4 dxe4 7. d5 Ne5 8.
fxe4 e6 9. Bf4 Bd6 10. Bb5+ Bd7 11. Bxd7+ Qxd7 12. Nge2 exd5 13. exd5 O-O 14.
Rc1 Rfe8 15. O-O Rac8 16. Bg5 Neg4 17. h3 Bc5+ 18. Nd4 Ne3 19. Bxe3 Rxe3 20.
Rxf6 gxf6 21. Kh2 Ba3 22. Qd2 Bxb2 23. Qxb2 Qc7+ 24. Kh1 Rxc3 25. Rxc3 Qxc3 26.
Qxc3 Rxc3 27. Nf5 Ra3 28. Nd6 b6 29. Ne8 Rxa2 30. Nxf6+ Kg7 31. Ne8+ Kf8 32.
Nf6 Rd2 33. Nxh7+ Kg7 34. Ng5 Rxd5 35. Ne4 a5 36. Nc3 Rc5 37. Na4 Rc6 38. Kh2
b5 39. Nb2 Rd6 40. h4 a4 41. Nxa4 bxa4 42. Kg3 a3 43. Kf3 a2 44. Ke3 a1=Q 45.
Kf4 Qf6+ 46. Ke4 Qf2 47. h5 {Hossa resigns} 0-1

[Event "ICS rated blitz match"]
[Site "204.178.125.65"]
[Date "1999.08.02"]
[Round "?"]
[White "CM5500"]
[Black "Hossa"]
[Result "1-0"]
[WhiteElo "2438"]
[BlackElo "2519"]
[PlyCount "86"]
[EventDate "1999.??.??"]

1. d4 e6 2. e4 d5 3. Nd2 c5 4. exd5 Qxd5 5. Ngf3 cxd4 6. Bc4 Qc5 7. Qe2 Nc6 8.
O-O Bd7 9. Nb3 Qb6 10. Rd1 Bc5 11. c3 dxc3 12. Nxc5 Qxc5 13. Be3 Qf5 14. bxc3
Nf6 15. Rab1 Bc8 16. Rb5 Qe4 17. Ng5 Qh4 18. g3 Qh5 19. Nxe6 Qxe2 20. Nc7+ Kf8
21. Bxe2 Rb8 22. Bc5+ Kg8 23. Bxa7 Ne4 24. Bxb8 Nxc3 25. Re5 g5 26. Nb5 Nxe5
27. Bxe5 Nxd1 28. Bxd1 Be6 29. Bb3 h6 30. Bxh8 Bd7 31. Nd6 Kxh8 32. Nxb7 f5 33.
a4 Kg7 34. a5 Bc6 35. a6 Bf3 36. Nd6 Kf6 37. Bc2 Ke5 38. Nf7+ Kf6 39. Nxh6 f4
40. gxf4 gxf4 41. h4 Ke6 42. a7 Ba8 43. Bb3+ 43... Ke5 {Hossa resigns} 1-0

[Event "ICS rated blitz match"]
[Site "204.178.125.65"]
[Date "1999.08.02"]
[Round "?"]
[White "TolkienX"]
[Black "Hossa"]
[Result "1-0"]
[WhiteElo "2802"]
[BlackElo "2524"]
[PlyCount "78"]
[EventDate "1999.??.??"]

1. e4 e5 2. Nf3 Nf6 3. d4 exd4 4. e5 Ne4 5. Qxd4 f5 6. exf6 Nxf6 7. Be2 Nc6 8.
Qe3+ Be7 9. O-O O-O 10. Re1 d5 11. Ng5 Ng4 12. Bxg4 Bxg4 13. Ne6 Bxe6 14. Qxe6+
Kh8 15. Be3 d4 16. Bd2 Bh4 17. Rf1 Qf6 18. Qxf6 Rxf6 19. g3 Rg6 20. Na3 Rf8 21.
Nb5 Bd8 22. Rae1 a6 23. Na3 b5 24. Re4 Be7 25. Bf4 Bxa3 26. bxa3 Na7 27. Rxd4
Nc8 28. Rfd1 c5 29. Rd8 Rgf6 30. Be5 R6f7 31. R1d7 Nb6 32. Rxf8+ Rxf8 33. Rb7
Re8 34. Rxb6 h5 35. Rh6+ Kg8 36. Rxh5 Rd8 37. Kg2 Rd7 38. Bf4 c4 39. a4 39...
Rb7 {Hossa resigns} 1-0

[Event "ICS rated blitz match"]
[Site "204.178.125.65"]
[Date "1999.08.02"]
[Round "?"]
[White "Hossa"]
[Black "TolkienX"]
[Result "0-1"]
[WhiteElo "2519"]
[BlackElo "2807"]
[Annotator "Fritz 5.32 (19s)"]
[PlyCount "125"]
[EventDate "1999.??.??"]

1. d4 Nf6 2. c4 e6 3. Nc3 Bb4 4. Bg5 h6 5. Bh4 c5 6. d5 d6 7. Rc1 $146 (7. e3
g5 (7... Qe7 8. Nf3 Bxc3+ 9. bxc3 e5 (9... g5 10. Bg3 Ne4 11. Bd3 Nxg3 12. hxg3
e5 13. Qc2 Nd7 14. Bf5 Kd8 15. a4 a5 16. Rb1 Ra6 17. Rb5 Qf6 18. e4 Qe7 19. Qb3
Nf8 20. Bxc8 Kxc8 21. Ke2 Ng6 22. Rb1 Ra7 23. Rb6 Qc7 24. Nd2 Ne7 25. Qb5 Kb8
26. Nb3 Nc8 27. Rc6 Qd8 28. Ra6 Rxa6 29. Nxc5 Rb6 30. Nd7+ Ka7 31. Qxa5+ Ra6
32. Qb5 32... Qc7 {0-1 Szeberenyi,A-Allen,A/FSIM B Dec, Budapest HUN 1997 (32)}
) 10. Nd2 g5 11. Bg3 Bf5 12. h4 Rg8 13. hxg5 hxg5 14. Qb3 Na6 (14... Kd8 15. f3
Kc7 16. e4 Bc8 17. Bf2 g4 18. Rb1 Nbd7 19. Qb5 Nf8 20. Qa5+ Kb8 21. Nb3 N6d7
22. Qa3 Kc7 23. Rh6 Nb6 24. Be3 {
- Matveeva,S-Bojkovic,N/Women's It, Belgrade YUG 1998 (24)}) 15. Qb5+ Kf8 16.
f3 Rb8 17. e4 Bd7 18. Qa5 Kg7 19. Rb1 Qd8 20. Qa3 Rh8 21. Rg1 g4 22. Bf2 {
Soppe,G-Slipak,S/Clarin It., Villa Gesell ARG (4) 1996/ - (47)}) (7... Bxc3+ 8.
bxc3 e5 9. Bd3 e4 10. Bc2 Qe7 11. Ne2 Nbd7 12. Ba4 O-O 13. Bxd7 Bxd7 14. Bxf6
Qxf6 15. Qc2 Rfe8 16. a4 Re7 17. Rb1 Rf8 18. h4 Bg4 19. Ng3 Qe5 20. Ne2 Bxe2
21. Kxe2 Qf5 22. Ke1 {
Soppe,G-Slipak,S/Clarin Grand Prix Tournament, Lomas de 1995/ - (36)}) 8. Bg3
Ne4 9. Qc2 Qf6 10. Nge2 exd5 11. cxd5 Bf5 12. Qb3 Na6 13. Rc1 O-O 14. a3 c4 15.
Qd1 Ba5 16. Nd4 Rac8 17. Be2 Nxc3 18. bxc3 Bd3 19. O-O Nc5 20. f4 Rfe8 21. Bxd3
21... cxd3 {Jansen,J-Muis,G/op, Soest NED (3) 1996/0-1 (32)}) 7... exd5 8. cxd5
g5 9. Bg3 Ne4 10. Qd3 Bf5 11. Qb5+ Qd7 12. e3 Nxg3 13. hxg3 Be4 14. Qc4 Qf5 15.
g4 Qxg4 16. Bd3 Bxc3+ 17. Rxc3 f5 18. Rh2 Bxd3 19. Qxd3 Nd7 20. Nf3 Nb6 21.
Qb5+ Ke7 22. Kf1 Qe4 23. a4 Kf6 24. Rc1 Qxa4 25. Qxa4 Nxa4 26. Rb1 Nb6 27. Rd1
g4 28. Ne1 Rae8 29. Rh5 Re5 30. Ra1 a6 31. Nd3 Rxd5 32. Ke2 c4 33. Nf4 Rb5 34.
Ra2 Nd5 35. Nxd5+ Rxd5 36. Ra4 Rb5 37. Ra2 Rb3 38. Kd2 Rd3+ 39. Ke2 f4 40. Ra4
Rb3 (40... d5 {erleichterte Schwarz die Gewinnfuehrung} 41. Ra3 Kg6 42. Re5
Rxa3 43. bxa3 fxe3 44. Rxd5 exf2 45. Kxf2 $19) 41. Ra2 (41. Rxc4 fxe3 42. Rc2
exf2 43. Kxf2 43... Kf7 $19) 41... fxe3 42. fxe3 Ke6 43. Rh4 (43. e4 {
aendert nichts mehr} 43... Rf8 44. Rxh6+ Rf6 45. Rxf6+ 45... Kxf6 $19) 43...
Kf5 44. Kf2 (44. Ra5+ {hilft allerdings auch nicht} 44... b5 45. Ra2 45... Re8
$19) 44... Kg5 45. g3 (45. Rh1 {nuetzt auch nichts mehr} 45... Rf8+ 46. Ke2
46... g3 $19) 45... Re8 46. Rh2 46... Rbxe3 {Es droht Matt} 47. Ra5+ Kf6 48.
Ra1 Re2+ 49. Kg1 Rxh2 50. Rf1+ Kg7 51. Kxh2 Re2+ 52. Kg1 Rxb2 53. Rf4 (53. Re1
{waere gleichermassen fruchtlos} 53... b5 54. Re7+ 54... Kf6 $19) 53... c3 54.
Rxg4+ Kf6 55. Rg8 (55. Rc4 {hilft auch nicht mehr} 55... c2 $19) 55... c2 {
Mit der Mattdrohung c1Q} 56. Rf8+ Ke5 57. Rc8 Rb1+ 58. Kf2 58... c1=Q {
Droht Matt: Rb2} 59. Rxc1 Rxc1 60. Ke3 Rc3+ 61. Ke2 Rxg3 62. Kf2 b5 63. Ke1 0-1

[Event "ICS Rated blitz match"]
[Site "204.178.125.65"]
[Date "1999.08.02"]
[Round "?"]
[White "Hossa"]
[Black "emoskow"]
[Result "1-0"]
[WhiteElo "2514"]
[BlackElo "2008"]
[PlyCount "37"]
[EventDate "1999.??.??"]

1. d4 d5 2. c4 c6 3. Nc3 e5 4. cxd5 cxd5 5. dxe5 d4 6. Qa4+ Nc6 7. Nb1 f6 8.
Bf4 Bb4+ 9. Nd2 fxe5 10. Bxe5 Bxd2+ 11. Kxd2 Nf6 12. Nf3 Ne4+ 13. Ke1 Nc5 14.
Qa3 Qd5 15. Bxg7 Rg8 16. Bh6 Bf5 17. Rc1 b6 18. Bd2 O-O-O 19. b4 {
emoskow resigns} 1-0

[Event "ICS rated blitz match"]
[Site "204.178.125.65"]
[Date "1999.08.02"]
[Round "?"]
[White "Zenith"]
[Black "Hossa"]
[Result "1-0"]
[WhiteElo "2824"]
[BlackElo "2516"]
[PlyCount "67"]
[EventDate "1999.??.??"]

1. e4 e5 2. Nf3 Nf6 3. Nxe5 Nxe4 4. Qe2 d5 5. d3 Qe7 6. dxe4 Qxe5 7. exd5 Bd6
8. Qxe5+ Bxe5 9. Bd3 O-O 10. O-O Re8 11. Nd2 Bg4 12. Nc4 Nd7 13. h3 Bh5 14.
Nxe5 Nxe5 15. Bf4 Nxd3 16. cxd3 Rac8 17. Rfe1 Red8 18. Rac1 g5 19. Bxg5 Rxd5
20. Bf6 h6 21. g4 Rd6 22. Be7 Rg6 23. f3 Rg7 24. Bf6 Rg6 25. Rxc7 Ra8 26. Bc3
Rg5 27. f4 Rd5 28. gxh5 Rxd3 29. Kf2 a5 30. Rg1+ Kf8 31. Bg7+ Ke8 32. Bf6 Rd2+
33. Ke3 Rd3+ 34. Kxd3 {Hossa resigns} 1-0

[Event "ICS rated blitz match"]
[Site "204.178.125.65"]
[Date "1999.08.02"]
[Round "?"]
[White "Hossa"]
[Black "Zenith"]
[Result "0-1"]
[WhiteElo "2511"]
[BlackElo "2829"]
[PlyCount "62"]
[EventDate "1999.??.??"]

1. d4 Nf6 2. c4 e6 3. Nc3 Bb4 4. Bg5 h6 5. Bh4 c5 6. d5 d6 7. Rc1 exd5 8. cxd5
g5 9. Bg3 Ne4 10. Qd3 Bf5 11. Qf3 Qf6 12. a3 Bxc3+ 13. bxc3 Nd7 14. Qe3 O-O-O
15. c4 Rde8 16. Qb3 h5 17. h4 Nxg3 18. Qxg3 gxh4 19. Rxh4 Rhg8 20. Qh2 Rg4 21.
Nf3 Ne5 22. Rxg4 Nd3+ 23. Kd1 Nxf2+ 24. Ke1 Nd3+ 25. Kd1 Nxc1 26. Rf4 Nxe2 27.
Ne5 Qxe5 28. Re4 Qxe4 29. Qe5 Qxe5 30. Bxe2 Qxe2+ 31. Kc1 31... Qc2# {
Hossa checkmated} 0-1

[Event "ICS rated standard match"]
[Site "204.178.125.65"]
[Date "1999.08.02"]
[Round "?"]
[White "Hossa"]
[Black "Beadle"]
[Result "0-1"]
[WhiteElo "2213"]
[BlackElo "2318"]
[Annotator "Fritz 5.32 (19s)"]
[PlyCount "159"]
[EventDate "1999.??.??"]

1. d4 1... Nf6 {Opening = E30 - 4.Bg5(h6 5.Bh4 c5 6.d5 ---)} 2. c4 e6 3. Nc3
Bb4 4. Bg5 c5 5. d5 h6 6. Bxf6 $146 (6. Bh4 Bxc3+ (6... O-O 7. e3 b5 8. dxe6
fxe6 9. cxb5 d5 10. Bd3 a6 11. Nge2 c4 12. Bc2 axb5 13. O-O Nc6 14. Nxb5 e5 15.
b3 Bg4 16. h3 Bh5 17. Bxf6 Rxf6 18. bxc4 dxc4 19. Qxd8+ Nxd8 20. Nec3 Rb6 21.
a4 {Short,N-Aleksandrov,A/EuT-ch, Pula CRO 1997/0-1 (69)}) 7. bxc3 d6 8. Nf3 (
8. f3 Qe7 9. e4 e5 10. Bd3 Nbd7 11. Ne2 Nf8 12. Bf2 h5 13. h4 Ng6 14. Qd2 Bd7
15. Be3 Nh7 16. Ng3 Nxh4 17. Nxh5 O-O-O 18. Qf2 Nf6 19. Nxg7 Nxf3+ 20. Ke2 Nh2
21. Nf5 Qf8 22. Nxd6+ 22... Qxd6 {
Garcia Palermo,C-Giaccio,A/Clarin GP Final, Villa Gisell ARG 1998/0-1 (40)})
8... e5 9. Nd2 Nbd7 10. Qc2 Qe7 11. e3 e4 12. Be2 g5 13. Bg3 Nf8 14. f3 Bf5 15.
O-O-O N8d7 16. h4 O-O-O 17. fxe4 Bxe4 18. Bd3 Bxd3 19. Qxd3 Kc7 20. Rhf1 20...
Ng4 {Fernandez,M-Servat,R/Najdorf Open (3) 1995/0-1 (41)}) 6... Qxf6 7. Qc2 d6
8. e4 O-O 9. Nf3 exd5 10. cxd5 Re8 11. Bd3 Bg4 12. Nd2 Nd7 13. f3 Bh5 14. O-O
14... a6 {Befestigt b5} 15. a3 Bxc3 16. bxc3 $15 (16. Qxc3 16... Bg6 $11) 16...
b5 17. Rab1 Ne5 18. c4 Qf4 19. Rb3 $17 (19. Rfe1 19... Reb8 $15) 19... b4 (
19... Nxd3 $6 20. Qxd3 bxc4 21. Nxc4 $14) 20. Be2 a5 21. g3 Qf6 22. Rbb1 22...
bxa3 {Der Freibauer marschiert. Schwarz erhaelt starke Drohungen in der
geoeffneten b-Linie} 23. Ra1 Reb8 24. Rxa3 Rb2 25. Qc3 {
Ist der Isolani a5 schwach?} (25. Qxb2 $2 {ist nur auf den ersten Blick gut}
25... Nxf3+ $1 {die Pointe} 26. Bxf3 26... Qxb2 $19) 25... Nd7 26. Qxf6 $17 (
26. Qe3 26... a4 $15) 26... Nxf6 (26... gxf6 $6 27. Rd1 $15) 27. Rd1 a4 28. Bf1
Nd7 29. Bg2 $17 (29. Kf2 $5 $15 {ist nicht von der Hand zu weisen}) 29... Ne5
30. Raa1 (30. Kf1 $5 $19) 30... a3 31. g4 Bg6 32. h3 Rc2 (32... a2 $5 33. f4
Nd3 34. f5 $19) 33. Rac1 33... Rxc1 {Droht Matt} 34. Rxc1 Nd3 35. Ra1 a2 36. e5
(36. Kf1 Nb4 37. Nb3 37... Nc2 $19) 36... dxe5 (36... Nb4 $5 $142 37. exd6 Nc2
38. Rxa2 Rxa2 39. d7 $19) 37. d6 37... Ra6 $17 (37... Kf8 38. f4 Ra3 39. f5 $17
) 38. d7 Rd6 39. Rxa2 Rxd7 40. Nb3 Rb7 41. Ra3 Rc7 42. h4 Nf4 43. Ra8+ Kh7 44.
Rd8 h5 45. gxh5 Bxh5 46. Kf2 Bg6 47. Kg3 $19 (47. Bf1 47... Kh6 $17) 47... Bd3
48. Nd2 Rb7 49. Bf1 Bxf1 50. Nxf1 Kg6 51. Nd2 Rb2 52. Rd6+ Kf5 53. Kf2 f6 54.
Kf1 54... Ne6 {Schwarz haelt das Heft fest in der Hand} 55. Rd3 (55. Ne4 Nd4
56. Nxc5 56... Rc2 $19) 55... Nd4 56. h5 Kf4 57. Ke1 (57. Ne4 $19) 57... f5 {
Schwarz bereitet e4 vor} 58. Rc3 e4 59. fxe4 fxe4 60. Nf1 60... e3 {
Mit der Mattdrohung Rb1} 61. Nxe3 Re2+ 62. Kf1 62... Rxe3 {Es droht Matt} 63.
Rc1 (63. Rxe3 {waere gleichermassen fruchtlos} 63... Kxe3 64. Ke1 64... Kd3 $19
) 63... Re5 (63... Kg3 $5 $142 {erleichterte Schwarz die Gewinnfuehrung} 64.
Rd1 Nf3 65. Rc1 $19) 64. Ra1 64... Rxh5 {Droht Matt: Rh1} 65. Ra7 g5 66. Kg2
Nf5 67. Ra5 Ne3+ 68. Kg1 g4 69. Ra1 69... g3 {
Schwarz fuehrt die Partie kraftvoll zu Ende} 70. Ra7 70... g2 {Droht Matt: Rh1}
71. Kf2 71... Kg4 {Es droht Matt} 72. Rg7+ 72... Rg5 {Droht Matt} 73. Re7 (73.
Rf7 $19 {ist vielleicht noch ein Schwindelversuch}) 73... Rf5+ 74. Ke2 74...
g1=Q {Mit der Mattdrohung Qd1} 75. Rg7+ Rg5 76. Kd3 (76. Rg8 {
hilft allerdings auch nicht} 76... Rxg8 77. Kd3 Rd8+ 78. Ke2 Qf1+ 79. Kxe3 Qf3#
) 76... Rxg7 77. Kc3 (77. Ke2 {nuetzt auch nichts mehr} 77... Qd1+ 78. Kxe3
Re7+ 79. Kf2 Re2#) 77... Qc1+ 78. Kb3 (78. Kd3 {holt die Kuh nicht vom Eis}
78... Qc2+ 79. Kxe3 Re7#) 78... Qc2+ 79. Ka3 Nd5 (79... Nxc4#) 80. cxd5 0-1

[Event "ICS Rated blitz match"]
[Site "204.178.125.65"]
[Date "1999.08.02"]
[Round "?"]
[White "Beadle"]
[Black "Hossa"]
[Result "1-0"]
[WhiteElo "2460"]
[BlackElo "2507"]
[PlyCount "112"]
[EventDate "1999.??.??"]

1. e4 e5 2. Nf3 Nf6 3. Nxe5 Nxe4 4. Qe2 d5 5. d3 Qe7 6. dxe4 Qxe5 7. exd5 Bd6
8. Qxe5+ Bxe5 9. Bd3 O-O 10. O-O Re8 11. Nc3 c6 12. dxc6 Nxc6 13. Be3 Bxc3 14.
bxc3 Be6 15. Rfb1 Re7 16. Rb5 Rd8 17. Rab1 b6 18. c4 Nd4 19. Bxd4 Rxd4 20. Re1
Red7 21. c5 R7d5 22. cxb6 Rxb5 23. Bxb5 axb6 24. Bd3 h5 25. f3 h4 26. Kf2 g5
27. Re5 Rd5 28. Rxd5 Bxd5 29. c4 Be6 30. Ke3 f5 31. f4 g4 32. Kd4 Kf7 33. Ke5
g3 34. hxg3 hxg3 35. Bxf5 Bxc4 36. a3 Kg7 37. Be6 Be2 38. Bd5 b5 39. f5 Bd3 40.
f6+ Kf8 41. Kd4 Be2 42. Ke3 Bf1 43. Kf4 Bc4 44. Bxc4 bxc4 45. Ke3 Kf7 46. a4
Ke6 47. a5 c3 48. a6 Kxf6 49. a7 c2 50. Kd2 c1=Q+ 51. Kxc1 Ke5 52. a8=Q Kd4 53.
Kd2 Kc5 54. Qd8 Kb5 55. Qd6 Kc4 56. Qe5 56... Kb4 {Hossa resigns} 1-0

[Event "ICS Rated blitz match"]
[Site "204.178.125.65"]
[Date "1999.08.02"]
[Round "?"]
[White "Beadle"]
[Black "Hossa"]
[Result "1-0"]
[WhiteElo "2495"]
[BlackElo "2472"]
[PlyCount "42"]
[EventDate "1999.??.??"]

1. d4 e6 2. e4 d5 3. e5 c5 4. c3 Nc6 5. Nf3 cxd4 6. cxd4 Bb4+ 7. Nc3 Nge7 8.
Bd3 Qa5 9. Bd2 Qb6 10. a3 Bxc3 11. bxc3 Ng6 12. Rb1 Qc7 13. O-O O-O 14. Re1
Nce7 15. h4 Nf5 16. h5 Ngh4 17. h6 Nxf3+ 18. Qxf3 Nxh6 19. Bxh6 gxh6 20. Qf6
Rb8 21. Re3 21... Rd8 {Hossa resigns} 1-0

[Event "ICS Rated blitz match"]
[Site "204.178.125.65"]
[Date "1999.08.02"]
[Round "?"]
[White "Hossa"]
[Black "Beadle"]
[Result "1/2-1/2"]
[WhiteElo "2457"]
[BlackElo "2510"]
[PlyCount "159"]
[EventDate "1999.??.??"]

1. d4 Nf6 2. c4 e6 3. Nc3 d5 4. Bg5 Be7 5. Nf3 h6 6. Bxf6 Bxf6 7. cxd5 exd5 8.
e4 dxe4 9. Nxe4 O-O 10. Be2 Re8 11. Nxf6+ Qxf6 12. O-O Nc6 13. Bb5 Bg4 14. Rc1
Rad8 15. Bxc6 bxc6 16. Rc4 Re4 17. Qb3 Bxf3 18. Qxf3 Qxf3 19. gxf3 Rdxd4 20.
Rxc6 Re2 21. Rxc7 a6 22. Rb7 Rdd2 23. a4 Rxb2 24. Rxb2 Rxb2 25. Re1 g6 26. Kg2
Kg7 27. Re5 Kf6 28. f4 Rc2 29. a5 Rc3 30. h4 Rc1 31. Kf3 Rc7 32. Ke4 Rc2 33.
Ke3 Rc4 34. Kf3 h5 35. Kg3 Rc3+ 36. f3 Rc2 37. Kh3 Rc1 38. Kg2 Rc6 39. Kh2 Kg7
40. Rd5 f5 41. Kg3 Kf7 42. Rd7+ Ke6 43. Rg7 Kd5 44. Rb7 Rd6 45. Rb2 Kc5 46. Kf2
Re6 47. Kg3 Rc6 48. Rb1 Kd6 49. Rb8 Kc7 50. Rg8 Re6 51. Ra8 Kb7 52. Rg8 Kc6 53.
Rb8 Rd6 54. Kh2 Kc7 55. Ra8 Kd7 56. Ra7+ Ke6 57. Rb7 Kd5 58. Kg2 Kc6 59. Rb8
Kc7 60. Re8 Kd7 61. Ra8 Ke6 62. Rb8 Rc6 63. Kg3 Kd6 64. Kg2 Kd5 65. Rb3 Re6 66.
Kg3 Rf6 67. Rb1 Kc5 68. Rb3 Rd6 69. Kg2 Rd4 70. Rb6 Rd2+ 71. Kg3 Rd6 72. Rb8
Kc4 73. Rb6 Kd5 74. Rb2 Kc6 75. Rb8 Kc5 76. Rb7 Rd1 77. Rb6 Rd6 78. Rb8 Rd3 79.
Rb6 Rd6 80. Rb8 {Game drawn by repetition} 1/2-1/2

[Event "ICS Rated blitz match"]
[Site "204.178.125.65"]
[Date "1999.08.02"]
[Round "?"]
[White "Hossa"]
[Black "Beadle"]
[Result "0-1"]
[WhiteElo "2464"]
[BlackElo "2511"]
[PlyCount "134"]
[EventDate "1999.??.??"]

1. c4 c6 2. e4 d5 3. exd5 cxd5 4. cxd5 Qxd5 5. Nc3 Qd6 6. d4 Nf6 7. Bb5+ Bd7 8.
Bxd7+ Nbxd7 9. Nge2 e6 10. O-O Qb4 11. Bd2 Rc8 12. Rb1 Qb6 13. Bg5 Bd6 14. Bxf6
Nxf6 15. Qa4+ Rc6 16. Nb5 Bb8 17. Rfc1 Rxc1+ 18. Rxc1 O-O 19. Rc2 Rd8 20. Na3
Nd5 21. Nb5 Kh8 22. a3 a6 23. Nbc3 Nxc3 24. bxc3 Bd6 25. Rc1 Qb2 26. Qd1 b5 27.
Rb1 Qa2 28. Ra1 Qd5 29. Qd3 Qb3 30. a4 b4 31. Qd1 Qxd1+ 32. Rxd1 b3 33. Rb1 Rb8
34. Rb2 Ba3 35. Rb1 b2 36. g3 Rc8 37. f4 Rc4 38. a5 Ra4 39. h4 g6 40. Kf2 Kg7
41. g4 h6 42. Ke3 f6 43. Kd3 Rxa5 44. c4 h5 45. g5 Rf5 46. gxf6+ Kxf6 47. c5 a5
48. Kc4 a4 49. Rg1 Kg7 50. Kb5 Bxc5 51. dxc5 a3 52. Nc3 Rxf4 53. c6 Rg4 54. Rf1
Rf4 55. c7 Rxf1 56. c8=Q a2 57. Qd7+ Rf7 58. Qd4+ e5 59. Qxe5+ Kh7 60. Kc6 b1=Q
61. Nxa2 Qb7+ 62. Kc5 Rc7+ 63. Kd4 Qb2+ 64. Kd5 Qb5+ 65. Ke6 Qd7+ 66. Kf6 Qg7+
67. Kg5 67... Qxe5# {Hossa checkmated} 0-1

[Event "ICS Rated blitz match"]
[Site "204.178.125.65"]
[Date "1999.08.02"]
[Round "?"]
[White "Beadle"]
[Black "Hossa"]
[Result "1-0"]
[WhiteElo "2525"]
[BlackElo "2450"]
[PlyCount "70"]
[EventDate "1999.??.??"]

1. d4 e6 2. c4 Bb4+ 3. Bd2 c5 4. Bxb4 cxb4 5. e3 Nf6 6. Nf3 O-O 7. Bd3 d5 8.
Nbd2 Nc6 9. O-O Bd7 10. Qb3 Rc8 11. c5 b6 12. Rac1 bxc5 13. Rxc5 a5 14. Rfc1
Qe7 15. Ba6 Rc7 16. Bb5 Qd6 17. Qa4 Rfc8 18. Bxc6 Rxc6 19. Qxa5 Rxc5 20. Rxc5
Rxc5 21. dxc5 Qb8 22. Nd4 Ng4 23. h3 Qh2+ 24. Kf1 Qh1+ 25. Ke2 Nf6 26. Qd8+ Be8
27. c6 e5 28. Nf5 b3 29. c7 bxa2 30. c8=Q h6 31. Qxf6 Qd1+ 32. Kxd1 a1=Q+ 33.
Ke2 Qa6+ 34. Qfxa6 Kh7 35. Qxe8 35... g6 {Hossa resigns} 1-0

[Event "ICS Rated blitz match"]
[Site "204.178.125.65"]
[Date "1999.08.02"]
[Round "?"]
[White "libertad"]
[Black "Hossa"]
[Result "1-0"]
[WhiteElo "2305"]
[BlackElo "2445"]
[PlyCount "133"]
[EventDate "1999.??.??"]

1. e4 e5 2. f4 exf4 3. Nf3 Be7 4. Bc4 Bh4+ 5. Kf1 Nc6 6. d4 Qf6 7. Nc3 Nb4 8.
a3 Na6 9. Nd5 Qd8 10. Nxh4 c6 11. Nf5 cxd5 12. Bxd5 Qc7 13. Nxg7+ Kd8 14. Nh5
Qb6 15. Bxf4 Ne7 16. Bb3 Qg6 17. Be5 Rg8 18. Qf3 d5 19. Nf6 dxe4 20. Qxe4 Qxe4
21. Nxe4 Nc6 22. Bf6+ Kc7 23. Ng5 Nxd4 24. Bxf7 Nxc2 25. Rc1 Bf5 26. Bb3 Raf8
27. Bxg8 Rxg8 28. Ne6+ Kd7 29. Nf4 Ne3+ 30. Ke2 Nxg2 31. Rhd1+ Ke8 32. Rd8+ Kf7
33. Nxg2 Rxg2+ 34. Kf3 Rxh2 35. Be5 Rc2 36. Rxc2 Bxc2 37. Bd4 Ke7 38. Rh8 b6
39. Ra8 Nc5 40. Rxa7+ Ke6 41. Bxc5 bxc5 42. Ra5 Kd6 43. Ke3 h5 44. Ra6+ Ke5 45.
Rh6 Bd1 46. Kd2 Bf3 47. Ke3 Bd1 48. b4 c4 49. b5 c3 50. b6 c2 51. Kd2 Bf3 52.
Kxc2 Kd4 53. a4 Kc5 54. a5 Kb5 55. Rxh5+ Kc4 56. Kb2 Kb4 57. a6 Bxh5 58. b7 Kc5
59. b8=Q Bg4 60. a7 Kc6 61. a8=Q+ Kc5 62. Qf4 Kb6 63. Qaa4 Bd7 64. Qab4+ Ka6
65. Qfc4+ Bb5 66. Qcxb5+ Ka7 67. Qb7# {Hossa checkmated} 1-0

[Event "ICS Rated blitz match"]
[Site "204.178.125.65"]
[Date "1999.08.02"]
[Round "?"]
[White "libertad"]
[Black "Hossa"]
[Result "0-1"]
[WhiteElo "2315"]
[BlackElo "2435"]
[PlyCount "116"]
[EventDate "1999.??.??"]

1. d4 e6 2. e4 Nf6 3. e5 Ne4 4. Nh3 Qh4 5. Bd3 c5 6. O-O cxd4 7. Re1 Nxf2 8.
Nxf2 d5 9. Nd2 Bc5 10. Nb3 Bb6 11. g3 Qe7 12. Qg4 f5 13. exf6 Qxf6 14. Qh5+ Qf7
15. Qxf7+ Kxf7 16. Bf4 Nc6 17. Ng4 Re8 18. Bxh7 Rh8 19. Bd3 Kg8 20. Ne5 Nb4 21.
Kg2 Nxd3 22. cxd3 Rh7 23. Rac1 a5 24. Nf3 Bd7 25. Nbxd4 Re8 26. Be5 a4 27. a3
Ba5 28. Red1 Bb6 29. Ne2 Rf8 30. d4 Bb5 31. Nc3 Bd7 32. Rf1 Rf5 33. Nh4 Rg5 34.
Rf4 Bd8 35. Rcf1 Bf6 36. Nf3 Rg6 37. Bxf6 gxf6 38. Ng1 Kg7 39. R1f2 Rgh6 40. h4
Rg6 41. Nh3 Bc6 42. Ne2 e5 43. dxe5 d4+ 44. Kh2 fxe5 45. Rf5 d3 46. Rxe5 dxe2
47. Rfxe2 b5 48. Re7+ Kh6 49. Rxh7+ Kxh7 50. Ng5+ Kh6 51. Re7 Kh5 52. Rh7+ Kg4
53. Re7 Kh5 54. Re5 Kg4 55. Rc5 Rd6 56. Rc2 Rf6 57. Rd2 Rf1 58. Ne6 58... Rh1#
{libertad checkmated} 0-1